K2 : (Record no. 16724)
[ view plain ]
| 000 -LEADER | |
|---|---|
| fixed length control field | 00841nam a22002532i 4500 |
| 001 - CONTROL NUMBER | |
| control field | 16724 |
| 003 - CONTROL NUMBER IDENTIFIER | |
| rucl marc code | BD-RjUL |
| 005 - DATE AND TIME OF LATEST TRANSACTION | |
| control field | 20211209000037.0 |
| 008 - FIXED-LENGTH DATA ELEMENTS--GENERAL INFORMATION | |
| fixed length control field | 140215s1955 enkabf 000 0 eng d |
| 035 ## - SYSTEM CONTROL NUMBER | |
| System control number | (BD-RjUL)16779 |
| -- | OCLC ocm04851657 from D951108M |
| 040 ## - CATALOGING SOURCE | |
| Original cataloging agency | XLM |
| Transcribing agency | XLM |
| Modifying agency | UKM |
| -- | EQO |
| -- | BD-RjUL |
| Language of cataloging | eng |
| 041 ## - LANGUAGE CODE | |
| Language code of text/sound track or separate title | eng |
| 082 00 - DEWEY DECIMAL CLASSIFICATION NUMBER | |
| Classification number | 796.522 |
| Edition number | 18 |
| Author mark and year | HOK 1955 |
| 100 1# - MAIN ENTRY--PERSONAL NAME | |
| Personal name | Houston, Charles S. |
| 9 (RLIN) | 51659 |
| 245 10 - TITLE STATEMENT | |
| Title | K2 : |
| Remainder of title | The savage mountain / |
| Statement of responsibility, etc. | Charles Houston & Robert Bates |
| 260 ## - PUBLICATION, DISTRIBUTION, ETC. (IMPRINT) | |
| Place of publication, distribution, etc. | London : |
| Name of publisher, distributor, etc. | Collins, |
| Date of publication, distribution, etc. | 1955 |
| 300 ## - PHYSICAL DESCRIPTION | |
| Pagination | 192 p., [12] leaves of plates : |
| Illustrations | ill., maps ; |
| Size | 22 cm |
| 610 20 - SUBJECT ADDED ENTRY--CORPORATE NAME | |
| Corporate name or jurisdiction name as entry element | American Alpine Club. |
| Subordinate unit | American Karakoram Expedition, 1953 |
| 651 #0 - SUBJECT ADDED ENTRY--GEOGRAPHIC NAME | |
| Geographic name | Karakoram Range |
| 9 (RLIN) | 51661 |
| 700 1# - ADDED ENTRY--PERSONAL NAME | |
| Personal name | Bates, Robert H. |
| Fuller form of name | (Robert Hicks), |
| Dates associated with a name | 1911- |
| 942 ## - ADDED ENTRY ELEMENTS (KOHA) | |
| Source of classification or shelving scheme | Dewey Decimal Classification |
| Koha item type | Books |
| Lost status | Source of classification or shelving scheme | Damaged status | Not for loan | Collection code | Permanent Location | Current Location | Shelving location | Date acquired | Source of acquisition | Cost, normal purchase price | Total Checkouts | Full call number | Date last seen | Copy number | Koha item type |
|---|---|---|---|---|---|---|---|---|---|---|---|---|---|---|---|
| Dewey Decimal Classification | Not For Loan | Non-fiction | Central Library, University of Rajshahi | Central Library, University of Rajshahi | Reading Room | 13/02/1956 | STATIONARY | 2.50 | 796.522 HOK 1955 | 15/02/2014 | C-1 | Books |